000
00261nam a2200097Ia 4500
001
653922
005
20250826154507.0
008
250824s9999 xx 000 0 und d
245
0
_a
GÖKKUŞAĞI TUTTU ELLERİMİZDEN
_c
ŞEHRİ MADAN
260
_b
GENÇ HAYAT YAYINLARI
999
_c
653922
_d
653922